Random Trivia - Statistics

General Stats
  • This quiz has been taken 83 times
  • The average score is 10 of 15
Answer Stats
Hint Answer % Correct
The Wall you could see from space Great wall of China
84%
Where they invented the bagpipes Scotland
83%
What city contains Wembley stadium london
77%
What is the pencils tip made out of graphite
75%
Home to the Lemurs Madagascar
75%
The deepest point in the Ocean Mariana trench
75%
Where is the 2024 olympics take place paris
74%
The country where Canberra is the capital Australia
69%
What is the star on Israels flag called star of david
66%
What empire ruled what is modern-da Turkey Ottoman
65%
Where the band The Beatles originated Liverpool
61%
Where they invented soccer England
58%
The most southern Floridian football team dolphins
49%
What main language do they speak in Morocco french
49%
The newest MLS team that has Messi Inter Miami
39%
No matching quizzes found
Score Distribution
Percent of People with Each Score
Percentile by Number Answered
Your Score History
You have not taken this quiz